000 00612nam a2200229Ia 4500
003 OSt
005 20220923230729.0
006 a|||||r|||| 00| 0
007 ta
008 Pun
024 _a305,139
037 _cTextual
040 _aARTS
_cARTS
_bPun
041 _2Pun
_aPun
082 _aQ8441:332x, 153M5
100 _aਨਾਗ, ਈFਰ ਸਿੰਘ
_9169151
245 0 _aਸਫਰ ਨਾਮਾਂ ਤੇ ਗ਼ਫਰ ਨਾਮਾਂ
260 _c1985
650 _aਧਰਮ
942 _hQ8441:332x, 153M5
_cTEXL
_2CC
999 _c386942
_d386942